[Event "Hochsauerland-ch U14"]
[Site "Foeckinghausen"]
[Date "2003.01.03"]
[Round "1"]
[White "Hueckelheim, Matthias"]
[Black "Mohnhaupt, Marcel"]
[Result "0-1"]
[WhiteElo "1032"]
[BlackElo "1224"]
[PlyCount "50"]
[EventDate "2003.01.??"]
[EventType "swiss"]
[EventRounds "5"]
[EventCountry "GER"]
[SourceTitle "EXT 2005"]
[Source "ChessBase"]
[SourceDate "2004.11.15"]
[SourceVersion "1"]
[SourceVersionDate "2004.11.15"]
[SourceQuality "1"]

1. e4 e5 2. Nf3 Nc6 3. Bb5 Nge7 4. 0-0 a6 5. Bxc6 Nxc6 6. d3 Bb4 7. Bg5 f6 8. Bd2 Bxd2 9. Nbxd2 d5 10. exd5 Qxd5 11. Nh4 Be6 12. Qf3 0-0-0 13. Qxd5 Rxd5 14. b3 Nb4 15. Rfc1 Rc5 16. a3 Nxc2 17. Ra2 Bxb3 18. Nxb3 Rc3 19. Rb1 Nd4 20. Nxd4 exd4 21. Nf5 g6 22. Nxd4 Rxd3 23. Ne2 Rhd8 24. a4 Rd1+ 25. Rxd1 Rxd1# 0-1